Goods and service tax and customs duty : (Record no. 176733)
[ view plain ]
| 000 -LEADER | |
|---|---|
| fixed length control field | 00920nam a2200277Ia 4500 |
| 005 - DATE AND TIME OF LATEST TRANSACTION | |
| control field | 20220307160302.0 |
| 008 - FIXED-LENGTH DATA ELEMENTS--GENERAL INFORMATION | |
| fixed length control field | 210427s2019 xx 000 0 und d |
| 020 ## - INTERNATIONAL STANDARD BOOK NUMBER | |
| International Standard Book Number | 9788194244769 |
| 040 ## - CATALOGING SOURCE | |
| Transcribing agency | AIMIT LIBRARY |
| 041 ## - LANGUAGE CODE | |
| Language code of text/sound track or separate title | eng |
| 082 ## - DEWEY DECIMAL CLASSIFICATION NUMBER | |
| Classification number | 336.242 |
| Edition number | 1 |
| Item number | PERT |
| 100 ## - MAIN ENTRY--PERSONAL NAME | |
| Personal name | Pereira, Therese |
| 9 (RLIN) | 23013 |
| 245 ## - TITLE STATEMENT | |
| Title | Goods and service tax and customs duty : |
| Remainder of title | analytical approach / |
| Statement of responsibility, etc. | By Dr. Therese Pereira...[et.al.] |
| 250 ## - EDITION STATEMENT | |
| Edition statement | 1st ed. |
| 260 ## - PUBLICATION, DISTRIBUTION, ETC. | |
| Place of publication, distribution, etc. | Mangaluru : |
| Name of publisher, distributor, etc. | Louis Publications , |
| Date of publication, distribution, etc. | 2019. |
| 300 ## - PHYSICAL DESCRIPTION | |
| Extent | vi,243p. ; |
| Dimensions | 24 cm. |
| 650 ## - SUBJECT ADDED ENTRY--TOPICAL TERM | |
| Topical term or geographic name entry element | Goods and Service Tax. |
| 9 (RLIN) | 23033 |
| 650 ## - SUBJECT ADDED ENTRY--TOPICAL TERM | |
| Topical term or geographic name entry element | Customs Duty. |
| 9 (RLIN) | 23034 |
| 650 ## - SUBJECT ADDED ENTRY--TOPICAL TERM | |
| Topical term or geographic name entry element | Goods and Services Tax Act 2017. |
| 9 (RLIN) | 23035 |
| 700 ## - ADDED ENTRY--PERSONAL NAME | |
| Personal name | Ambrose, Louis Manoj. |
| 9 (RLIN) | 23014 |
| 700 ## - ADDED ENTRY--PERSONAL NAME | |
| Personal name | Rodrigues, Coline Oswald |
| 9 (RLIN) | 23015 |
| 700 ## - ADDED ENTRY--PERSONAL NAME | |
| Personal name | Tauro, Manuel |
| 9 (RLIN) | 23016 |
| 700 ## - ADDED ENTRY--PERSONAL NAME | |
| Personal name | Ambrose, Louis Manoj. |
| 9 (RLIN) | 23039 |
| 906 ## - LOCAL DATA ELEMENT F, LDF (RLIN) | |
| a | Registration under GST |
| 942 ## - ADDED ENTRY ELEMENTS (KOHA) | |
| Source of classification or shelving scheme | Dewey Decimal Classification |
| Koha item type | Book |
| Edition | 1st |
| Call number prefix | 336.242 PERT |
| Withdrawn status | Lost status | Source of classification or shelving scheme | Damaged status | Not for loan | Collection code | Home library | Current library | Date acquired | Source of acquisition | Total Checkouts | Full call number | Barcode | Date last seen | Price effective from | Koha item type | Cost, normal purchase price | Inventory number | Cost, replacement price |
|---|---|---|---|---|---|---|---|---|---|---|---|---|---|---|---|---|---|---|
| Dewey Decimal Classification | Reference Book | MBA | St Aloysius Institute of Management & Information Technology | St Aloysius Institute of Management & Information Technology | 05/04/2021 | Donated | 336.242 PERT | MBA14092 | 07/21/2025 | 04/27/2021 | Donated Books | |||||||
| Dewey Decimal Classification | MBA | St Aloysius Institute of Management & Information Technology | St Aloysius Institute of Management & Information Technology | 05/04/2021 | Donated | 336.242 PERT | MBA14091 | 05/23/2026 | 04/27/2021 | Donated Books | ||||||||
| Dewey Decimal Classification | MBA | St Aloysius Institute of Management & Information Technology | St Aloysius Institute of Management & Information Technology | 02/04/2020 | 336.242 PERT | MBA14083 | 05/23/2026 | 07/16/2021 | Book | 200.00 | Bill no:5634; Bill dt:2020-01-31 | 160.00 | ||||||
| Dewey Decimal Classification | MBA | St Aloysius Institute of Management & Information Technology | St Aloysius Institute of Management & Information Technology | 02/04/2020 | 336.242 PERT | MBA14084 | 05/23/2026 | 07/16/2021 | Book | 200.00 | Bill no:5634; Bill dt:2020-01-31 | 160.00 | ||||||
| Dewey Decimal Classification | MBA | St Aloysius Institute of Management & Information Technology | St Aloysius Institute of Management & Information Technology | 02/04/2020 | 336.242 PERT | MBA14085 | 05/23/2026 | 07/16/2021 | Book | 200.00 | Bill no:5634; Bill dt:2020-01-31 | 160.00 | ||||||
| Dewey Decimal Classification | MBA | St Aloysius Institute of Management & Information Technology | St Aloysius Institute of Management & Information Technology | 02/04/2020 | 336.242 PERT | MBA14086 | 05/23/2026 | 07/16/2021 | Book | 200.00 | Bill no:5634; Bill dt:2020-01-31 | 160.00 | ||||||
| Dewey Decimal Classification | MBA | St Aloysius Institute of Management & Information Technology | St Aloysius Institute of Management & Information Technology | 02/04/2020 | 336.242 PERT | MBA14087 | 05/23/2026 | 07/16/2021 | Book | 200.00 | Bill no:5634; Bill dt:2020-01-31 | 160.00 | ||||||
| Dewey Decimal Classification | MBA | St Aloysius Institute of Management & Information Technology | St Aloysius Institute of Management & Information Technology | 02/04/2020 | 336.242 PERT | MBA14088 | 05/23/2026 | 07/16/2021 | Book | 200.00 | Bill no:5634; Bill dt:2020-01-31 | 160.00 | ||||||
| Dewey Decimal Classification | MBA | St Aloysius Institute of Management & Information Technology | St Aloysius Institute of Management & Information Technology | 02/04/2020 | 336.242 PERT | MBA14089 | 05/23/2026 | 07/16/2021 | Book | 200.00 | Bill no:5634; Bill dt:2020-01-31 | 160.00 | ||||||
| Dewey Decimal Classification | MBA | St Aloysius Institute of Management & Information Technology | St Aloysius Institute of Management & Information Technology | 02/04/2020 | 336.242 PERT | MBA14090 | 05/23/2026 | 07/16/2021 | Book | 200.00 | Bill no:5634; Bill dt:2020-01-31 | 160.00 |